000 00388nam a2200157Ia 4500
003 GCL
008 140319s9999 xx 000 0 eng d
040 _aGCL /
_cGCL
082 0 4 _a574.2
_bD A
100 1 _aDAMJANAV, TVAN
245 1 0 _aANDERSON'S PATHALOGY /
_cDAMJANAV, TVAN
700 1 _aLINDER, JAMES
260 _a[S.N] :
_bMOSBY ،
_c1990
650 0 4 _aPATHOLOGY
942 _2ddc
_cBK
999 _c10729
_d10729